| 000 | 00530cam a2200169 4500500 | ||
|---|---|---|---|
| 005 | 20260405001459.0 | ||
| 041 | _afre | ||
| 042 | _adc | ||
| 245 | 0 | 0 | _aLa guerre aux pauvres commence à l’école: Sur la morale laïque |
| 260 | _c2013. | ||
| 500 | _a7 | ||
| 690 | _aLiberté | ||
| 690 | _aMorale | ||
| 690 | _aRuwen Ogien | ||
| 786 | 0 | _nPhilosophie magazine | 68 | 4 | 2013-04-01 | p. 72-76 | 1951-1787 | |
| 856 | 4 | 1 | _uhttps://shs.cairn.info/magazine-philosophie-magazine-2013-4-page-72?lang=fr&redirect-ssocas=7080 |
| 999 |
_c2048129 _d2048129 |
||